| 000 | 00402nam a2200145Ia 4500 | ||
|---|---|---|---|
| 008 | 191023s9999 xx 000 0 und d | ||
| 020 | _a9781337685191 | ||
| 100 | _aLarson, Ron. | ||
| 245 |
_cRon Larson, David C. Falvo.-- _aPrecalculus : _bmetric version |
||
| 250 | _a10th ed | ||
| 260 |
_aAsia : _bCengage Learning _c2018 |
||
| 300 | _axii, 776 pages. | ||
| 650 | _aCalculus | ||
| 650 | _aMathematics | ||
| 999 |
_c362298 _d362298 |
||